00630nam a2200205 i 45000010005000000030009000050050017000140070003000310080041000340200025000750800015001002450087001152500012002022600076002143000020002905000013003106500025003237000026003488520050003747665ES-MaACL20250811100100.0t|910320s1991 sp ||||1| eng d a84-7658-225-0 (O.C.) a616.89(02)04aThe European handbook of psychiatry and mental health / cAntonio Seva (director). a1st ed. aBarcelona : bAnthropos : b; Zaragoza : Prensas Universitarias,c1991. a2 v. ; c24 cm. aIndices.17aPsiquiatría2embne1 aSeva, Antonio, edir. aES-MaACLjL-14978-79 bR.119234 z. - guaflex